South American Animals - Statistics

General Stats
  • This quiz has been taken 61 times
  • The average score is 12 of 31
Answer Stats
Hint Answer % Correct
Largest cat in the Americas Jaguar
95%
Slow tree-dweller Sloth
93%
An ant's worst nightmare Giant Anteater
90%
Massive constrictor snake that lurks in swamps and rivers Anaconda
86%
World's largest rodent, semi-aquatic Capybara
86%
Tiny, colorful amphibian with poison skin Poison Dart Frog
76%
Sharp-toothed fish, feared but often misunderstood Piranha
71%
Jungle primate known for its loud, echoing calls Howler Monkey
69%
Domesticated Andean animal used for carrying loads Llama
62%
One of the world's largest flying birds, highland scavenger Andean Condor
57%
Huge orange beak and black body, a tropical icon Toco Toucan
57%
Small wildcat with a golden coat and black rosettes Ocelot
48%
Crocodile relative, common in Amazon waterways Caiman
45%
River fish that stuns prey with jolts of electricity Electric Eel
40%
Armored insectivore that digs burrows with its claws Giant Armadillo
38%
Freshwater dolphin with a rosy hue Pink River Dolphin
36%
The only bear in South America, known for its face markings Spectacled Bear
36%
Raccoon-like with a long nose and tail Coati
24%
Wild relative of the llama, produces fine wool Vicuna
24%
Long-legged fox-like animal with a reddish coat Maned Wolf
21%
You can see its organs through its belly Glass Frog
19%
Powerful jungle raptor with striking crown feathers Harpy Eagle
14%
Wild camelid roaming Patagonian plains Guanaco
12%
Small monkey with striking hair or colorful fur Tamarin
12%
Short-legged and rare, hunts in coordinated packs Bush Dog
10%
Large and venomous with many legs Amazonian Giant Centipede
7%
Leaf-eating bird with chicks that climb using claws on their wings Hoatzin
5%
Nocturnal tree climber with a long prehensile tail Kinkajou
5%
Weasel-like predator, fast and clever in the jungle Tayra
2%
Shy rodent that helps replant forests by burying its nuts Agouti
0%
Grassland dweller with a gentle nature Pampas Deer
0%
No matching quizzes found
Score Distribution
Percent of People with Each Score
Percentile by Number Answered
Your Score History
You have not taken this quiz